Painting in XVIII century Venice
Contents: First edition paperback (Phaidon Publishers, 1959). Minimal shelf wear; some foxing on flyleaf. Aside from slight age-related tanning, this book is in near-perfect condition with no marks, tears, stains, or highlighting; binding is tight and solid
Đã lưu trong:
| Tác giả chính: | |
|---|---|
| Định dạng: | Sách |
| Ngôn ngữ: | Undetermined |
| Được phát hành: |
London
Phaidon Press
1959
|
| Những chủ đề: | |
| Các nhãn: |
Thêm thẻ
Không có thẻ, Là người đầu tiên thẻ bản ghi này!
|
| Thư viện lưu trữ: | Trung tâm Học liệu Trường Đại học Cần Thơ |
|---|
| LEADER | 00769nam a2200193Ia 4500 | ||
|---|---|---|---|
| 001 | CTU_222063 | ||
| 008 | 210402s9999 xx 000 0 und d | ||
| 082 | |a 759 | ||
| 082 | |b L663 | ||
| 100 | |a Levey, Michael | ||
| 245 | 0 | |a Painting in XVIII century Venice | |
| 245 | 0 | |c Michael Levey | |
| 260 | |a London | ||
| 260 | |b Phaidon Press | ||
| 260 | |c 1959 | ||
| 520 | |a Contents: First edition paperback (Phaidon Publishers, 1959). Minimal shelf wear; some foxing on flyleaf. Aside from slight age-related tanning, this book is in near-perfect condition with no marks, tears, stains, or highlighting; binding is tight and solid | ||
| 650 | |a Painting, Italian,Vẽ tranh, Ý | ||
| 904 | |i Tô Chánh Trung | ||
| 980 | |a Trung tâm Học liệu Trường Đại học Cần Thơ | ||